Loading...
Fine Arts - Classical Music | 3 | 10.00 | 100% | 0% | 0% |
Fine Arts - Other Fine Arts | 4 | 12.50 | 75% | 50% | 0% |
Fine Arts - Visual Fine Arts | 2 | 10.00 | 100% | 0% | 0% |
Geography/Current Events | 1 | 20.00 | 100% | 100% | 0% |
History - American History | 3 | 10.00 | 67% | 33% | 0% |
History - European History | 4 | 15.00 | 100% | 50% | 0% |
History - Other History | 4 | 7.50 | 50% | 25% | 0% |
History - World History | 3 | 6.67 | 67% | 0% | 0% |
Literature - American Literature | 4 | 10.00 | 75% | 25% | 0% |
Literature - British Literature | 5 | 2.00 | 20% | 0% | 0% |
Literature - European Literature | 6 | 8.33 | 67% | 17% | 0% |
Literature - World/Other Literature | 1 | 0.00 | 0% | 0% | 0% |
Mythology | 6 | 8.33 | 67% | 17% | 0% |
Other Academic | 1 | 10.00 | 100% | 0% | 0% |
Philosophy | 3 | 6.67 | 67% | 0% | 0% |
Pop Culture | 1 | 20.00 | 100% | 100% | 0% |
Religion | 2 | 10.00 | 100% | 0% | 0% |
Science - Biology | 3 | 6.67 | 67% | 0% | 0% |
Science - Chemistry | 3 | 10.00 | 100% | 0% | 0% |
Science - Other Science | 2 | 25.00 | 100% | 100% | 50% |
Science - Physics | 4 | 10.00 | 100% | 0% | 0% |
Social Science | 3 | 16.67 | 100% | 33% | 33% |
World/Other Literature> | 1 | 10.00 | 100% | 0% | 0% |